000
00220 a2200097 4500
001
20531
100
_a
Varga Y
245
_a
Politico Eco Prob of Capitalism
260
_a
_b
Progress Publishers
_c
090
_c
14927
_d
14927
942
_a
NUST-CAE
_c
M
_c
5477
999
_c
255604
_d
255604